Network security bible / (Record no. 1324)

MARC details
000 -LEADER
fixed length control field 00808nam a22002412 4500
001 - CONTROL NUMBER
control field 0000023395
005 - DATE AND TIME OF LATEST TRANSACTION
control field 20151021151146.0
008 - FIXED-LENGTH DATA ELEMENTS--GENERAL INFORMATION
fixed length control field 121120s xx 000 0 eng d
020 ## - INTERNATIONAL STANDARD BOOK NUMBER
International Standard Book Number 8126505761 :
040 ## - CATALOGING SOURCE
Original cataloging agency KABU
Transcribing agency KABU
100 1# - MAIN ENTRY--PERSONAL NAME
Personal name Cole, Eric.
-- 0000182765
245 10 - TITLE STATEMENT
Title Network security bible /
Statement of responsibility, etc. Eric Cole, Ronald Krutz, James W. Conley.
250 ## - EDITION STATEMENT
Edition statement 1st ed.
260 ## - PUBLICATION, DISTRIBUTION, ETC. (IMPRINT)
Place of publication, distribution, etc. India :
Name of publisher, distributor, etc. Wiley,
Date of publication, distribution, etc. 2005.
300 ## - PHYSICAL DESCRIPTION
Extent xxiv, 660 p.
650 #0 - SUBJECT ADDED ENTRY--TOPICAL TERM
Topical term or geographic name as entry element Computer security.
-- 0000148177
650 #0 - SUBJECT ADDED ENTRY--TOPICAL TERM
Topical term or geographic name as entry element Computer network
General subdivision Security measures.
-- 0000182766
908 ## - PUT COMMAND PARAMETER (RLIN)
Put command parameter 121120
950 ## - LOCAL HOLDINGS (RLIN)
-- 1
Holdings
Withdrawn status Lost status Source of classification or shelving scheme Not for loan Home library Current library Date acquired Total Checkouts Full call number Barcode Date last seen Date last checked out Price effective from Koha item type
    Library of Congress Classification   Kabarak, Nakuru City Campus Kabarak, Nakuru City Campus 21/10/2015 2 QA76.9 .A25C65 2005 c.1 014054 31/07/2019 22/07/2019 21/10/2015 General Collection
    Library of Congress Classification   Kabarak, Nakuru City Campus Kabarak, Nakuru City Campus 21/10/2015   QA76.9 .A25C65 2005 c.2 014055 21/10/2015   21/10/2015 General Collection
    Library of Congress Classification   Kabarak, Nakuru City Campus Kabarak, Nakuru City Campus 21/10/2015   QA76.9 .A25C65 2005 c.3 014058 21/10/2015   21/10/2015 General Collection
Designed with assistance from East African Informatics Ltd